[Event "56th Hull Congress"]
[Site "Hull"]
[Date "2019.11.02"]
[Round "3"]
[Board "16"]
[White "Ilett, Raymond J"]
[Black "Maladkar, Ritika"]
[Result "1/2-1/2"]
[WhiteElo "1857"]
[BlackElo "1547"]
[PlyCount "0"]
[EventDate "2019.11.01"]
[EventRounds "5"]
[EventCountry "ENG"]

1. d4 {[%clk 01:30:57]} {[%emt 00:00:03]} Nf6 {[%clk 01:30:53]} {[%emt
00:00:08]} 2. c4 {[%clk 01:31:22]} {[%emt 00:00:04]} e6 {[%clk 01:31:12]}
{[%emt 00:00:12]} 3. Nc3 {[%clk 01:31:44]} {[%emt 00:00:08]} Bb4 {[%clk
01:31:27]} {[%emt 00:00:15]} 4. Nf3 {[%clk 01:32:05]} {[%emt 00:00:09]} b6
{[%clk 01:31:40]} {[%emt 00:00:17]} 5. e3 {[%clk 01:32:24]} {[%emt 00:00:09]}
Bb7 {[%clk 01:31:50]} {[%emt 00:00:22]} 6. Bd2 {[%clk 01:32:09]} {[%emt
00:00:45]} O-O {[%clk 01:28:50]} {[%emt 00:03:29]} 7. Be2 {[%clk 01:30:52]}
{[%emt 00:01:47]} d5 {[%clk 01:27:17]} {[%emt 00:02:04]} 8. cxd5 {[%clk
01:27:34]} {[%emt 00:03:47]} Nxd5 {[%clk 01:23:30]} {[%emt 00:04:17]} 9. O-O
{[%clk 01:27:47]} {[%emt 00:00:18]} Qe7 {[%clk 01:20:13]} {[%emt 00:03:43]} 10.
Rc1 {[%clk 01:24:33]} {[%emt 00:03:47]} Nxc3 {[%clk 01:16:54]} {[%emt
00:03:50]} 11. Bxc3 {[%clk 01:22:53]} {[%emt 00:02:10]} Bd6 {[%clk 01:15:55]}
{[%emt 00:01:26]} 12. Bd3 {[%clk 01:17:55]} {[%emt 00:05:30]} Nd7 {[%clk
01:14:18]} {[%emt 00:02:07]} 13. e4 {[%clk 01:13:48]} {[%emt 00:04:37]} e5
{[%clk 01:02:56]} {[%emt 00:11:52]} 14. Qe2 {[%clk 01:02:39]} {[%emt 00:11:39]}
Rfe8 {[%clk 00:57:20]} {[%emt 00:06:06]} 15. Rfe1 {[%clk 00:59:53]} {[%emt
00:03:17]} a6 {[%clk 00:46:26]} {[%emt 00:11:25]} 16. g3 {[%clk 00:55:57]}
{[%emt 00:04:25]} b5 {[%clk 00:43:48]} {[%emt 00:03:08]} 17. a3 {[%clk
00:52:36]} {[%emt 00:03:51]} c5 {[%clk 00:42:08]} {[%emt 00:02:10]} 18. dxc5
{[%clk 00:49:44]} {[%emt 00:03:21]} Nxc5 {[%clk 00:41:00]} {[%emt 00:01:39]} 19.
Bc2 {[%clk 00:49:22]} {[%emt 00:00:52]} Rac8 {[%clk 00:35:31]} {[%emt
00:05:58]} 20. b4 {[%clk 00:43:43]} {[%emt 00:06:09]} Nd7 {[%clk 00:31:45]}
{[%emt 00:04:16]} 21. Bb1 {[%clk 00:41:58]} {[%emt 00:02:16]} Nb6 {[%clk
00:30:53]} {[%emt 00:01:20]} 22. Ba2 {[%clk 00:35:56]} {[%emt 00:06:33]} Nc4
{[%clk 00:28:20]} {[%emt 00:03:02]}  1/2-1/2

[Event "56th Hull Congress"]
[Site "Hull"]
[Date "2019.11.02"]
[Round "3"]
[Board "17"]
[White "Ross, Stuart"]
[Black "Varney, Zoe"]
[Result "0-1"]
[WhiteElo "1636"]
[BlackElo "2009"]
[PlyCount "0"]
[EventDate "2019.11.01"]
[EventRounds "5"]
[EventCountry "ENG"]

1. e4 {[%clk 01:30:56]} {[%emt 00:00:02]} e5 {[%clk 01:30:56]} {[%emt
00:00:05]} 2. Nf3 {[%clk 01:31:15]} {[%emt 00:00:11]} Nc6 {[%clk 01:31:12]}
{[%emt 00:00:15]} 3. Bb5 {[%clk 01:31:31]} {[%emt 00:00:14]} Nf6 {[%clk
01:31:34]} {[%emt 00:00:09]} 4. O-O {[%clk 01:31:45]} {[%emt 00:00:15]} Nxe4
{[%clk 01:32:00]} {[%emt 00:00:05]} 5. d4 {[%clk 01:31:48]} {[%emt 00:00:24]}
Nd6 {[%clk 01:32:16]} {[%emt 00:00:16]} 6. Bxc6 {[%clk 01:31:57]} {[%emt
00:00:21]} dxc6 {[%clk 01:32:41]} {[%emt 00:00:05]} 7. dxe5 {[%clk 01:31:53]}
{[%emt 00:00:33]} Nf5 {[%clk 01:33:03]} {[%emt 00:00:08]} 8. Qxd8+ {[%clk
01:32:04]} {[%emt 00:00:19]} Kxd8 {[%clk 01:33:28]} {[%emt 00:00:05]} 9. Nc3
{[%clk 01:31:41]} {[%emt 00:00:53]} h6 {[%clk 01:32:57]} {[%emt 00:01:02]} 10.
h3 {[%clk 01:30:42]} {[%emt 00:01:28]} Be6 {[%clk 01:31:52]} {[%emt 00:01:36]}
11. Bf4 {[%clk 01:30:32]} {[%emt 00:00:39]} Kc8 {[%clk 01:29:05]} {[%emt
00:03:18]} 12. a3 {[%clk 01:20:40]} {[%emt 00:10:21]} b6 {[%clk 01:28:04]}
{[%emt 00:01:32]} 13. Rad1 {[%clk 01:20:09]} {[%emt 00:01:00]} Be7 {[%clk
01:25:27]} {[%emt 00:03:08]} 14. Rd2 {[%clk 01:15:46]} {[%emt 00:04:52]} Kb7
{[%clk 01:23:26]} {[%emt 00:02:33]} 15. Rfd1 {[%clk 01:13:55]} {[%emt
00:02:19]} g5 {[%clk 01:21:23]} {[%emt 00:02:33]} 16. Bh2 {[%clk 01:10:09]}
{[%emt 00:04:16]} h5 {[%clk 01:20:17]} {[%emt 00:01:37]} 17. Nd4 {[%clk
01:01:37]} {[%emt 00:09:01]} Nxd4 {[%clk 01:19:18]} {[%emt 00:01:30]} 18. Rxd4
{[%clk 01:02:01]} {[%emt 00:00:05]} Rag8 {[%clk 01:17:28]} {[%emt 00:02:20]} 19.
Ne2 {[%clk 00:54:47]} {[%emt 00:07:44]} Rh7 {[%clk 01:10:48]} {[%emt 00:07:12]}
20. Ng3 {[%clk 00:48:01]} {[%emt 00:07:15]} g4 {[%clk 01:07:09]} {[%emt
00:04:09]} 21. hxg4 {[%clk 00:47:42]} {[%emt 00:00:48]} hxg4 {[%clk 01:07:00]}
{[%emt 00:00:40]} 22. c4 {[%clk 00:39:45]} {[%emt 00:08:26]} Rgh8 {[%clk
01:06:03]} {[%emt 00:01:27]} 23. Nf1 {[%clk 00:39:52]} {[%emt 00:00:23]} Bc5
{[%clk 01:04:30]} {[%emt 00:02:04]} 24. b4 {[%clk 00:36:54]} {[%emt 00:03:27]}
Bxd4 {[%clk 01:04:12]} {[%emt 00:00:49]} 25. Rxd4 {[%clk 00:37:20]} {[%emt
00:00:03]} b5 {[%clk 01:03:32]} {[%emt 00:01:11]}  0-1

[Event "56th Hull Congress"]
[Site "Hull"]
[Date "2019.11.02"]
[Round "3"]
[Board "18"]
[White "Staples, Daniel J"]
[Black "Murphy, Ross"]
[Result "1-0"]
[WhiteElo "1983"]
[BlackElo "1651"]
[PlyCount "0"]
[EventDate "2019.11.01"]
[EventRounds "5"]
[EventCountry "ENG"]

1. d4 {[%clk 01:29:03]} {[%emt 00:01:55]} Nf6 {[%clk 01:30:49]} {[%emt
00:00:11]} 2. Nf3 {[%clk 01:29:21]} {[%emt 00:00:12]} g6 {[%clk 01:31:10]}
{[%emt 00:00:08]} 3. e3 {[%clk 01:29:29]} {[%emt 00:00:23]} Bg7 {[%clk
01:31:16]} {[%emt 00:00:22]} 4. Be2 {[%clk 01:29:47]} {[%emt 00:00:14]} d5
{[%clk 01:31:03]} {[%emt 00:00:42]} 5. b4 {[%clk 01:30:03]} {[%emt 00:00:15]}
O-O {[%clk 01:31:01]} {[%emt 00:00:32]} 6. Nbd2 {[%clk 01:30:11]} {[%emt
00:00:23]} b6 {[%clk 01:29:49]} {[%emt 00:01:41]} 7. Bb2 {[%clk 01:30:32]}
{[%emt 00:00:10]} Qd6 {[%clk 01:29:33]} {[%emt 00:00:46]} 8. b5 {[%clk
01:28:30]} {[%emt 00:02:33]} Ne4 {[%clk 01:28:21]} {[%emt 00:01:41]} 9. Nxe4
{[%clk 01:28:12]} {[%emt 00:00:49]} dxe4 {[%clk 01:28:46]} {[%emt 00:00:03]} 10.
Nd2 {[%clk 01:28:35]} {[%emt 00:00:08]} f5 {[%clk 01:28:10]} {[%emt 00:01:04]}
11. O-O {[%clk 01:28:46]} {[%emt 00:00:21]} Nd7 {[%clk 01:26:59]} {[%emt
00:01:41]} 12. f4 {[%clk 01:26:41]} {[%emt 00:02:35]} c5 {[%clk 01:25:39]}
{[%emt 00:01:46]} 13. bxc6 {[%clk 01:25:33]} {[%emt 00:01:42]} Qxc6 {[%clk
01:25:39]} {[%emt 00:00:25]} 14. c4 {[%clk 01:25:28]} {[%emt 00:00:41]} Bb7
{[%clk 01:24:37]} {[%emt 00:01:31]} 15. Qb3 {[%clk 01:24:45]} {[%emt 00:01:13]}
Kh8 {[%clk 01:24:38]} {[%emt 00:00:28]} 16. Rac1 {[%clk 01:24:42]} {[%emt
00:00:33]} Qf6 {[%clk 01:22:06]} {[%emt 00:03:02]} 17. Ba1 {[%clk 01:21:04]}
{[%emt 00:04:09]} Rab8 {[%clk 01:20:54]} {[%emt 00:01:41]} 18. Qa4 {[%clk
01:20:20]} {[%emt 00:01:14]} Qc6 {[%clk 01:20:16]} {[%emt 00:01:07]} 19. Qa3
{[%clk 01:19:15]} {[%emt 00:01:36]} e6 {[%clk 01:19:07]} {[%emt 00:01:38]} 20.
Bc3 {[%clk 01:16:23]} {[%emt 00:03:23]} h6 {[%clk 01:17:47]} {[%emt 00:01:49]}
21. Nb3 {[%clk 01:12:39]} {[%emt 00:04:15]} g5 {[%clk 01:17:35]} {[%emt
00:00:41]} 22. g3 {[%clk 01:12:26]} {[%emt 00:00:44]} gxf4 {[%clk 01:17:14]}
{[%emt 00:00:48]} 23. gxf4 {[%clk 01:12:49]} {[%emt 00:00:09]} Bf6 {[%clk
01:14:14]} {[%emt 00:03:29]} 24. Kh1 {[%clk 01:12:52]} {[%emt 00:00:28]} Kh7
{[%clk 01:13:48]} {[%emt 00:00:56]} 25. Rg1 {[%clk 01:11:36]} {[%emt 00:01:47]}
Rf7 {[%clk 01:09:40]} {[%emt 00:04:37]} 26. Rg2 {[%clk 01:09:41]} {[%emt
00:02:25]} Rg8 {[%clk 01:06:32]} {[%emt 00:03:38]} 27. Rxg8 {[%clk 01:07:47]}
{[%emt 00:02:24]} Kxg8 {[%clk 01:06:57]} {[%emt 00:00:03]} 28. Rg1+ {[%clk
01:08:08]} {[%emt 00:00:12]} Rg7 {[%clk 01:05:17]} {[%emt 00:02:07]} 29. Rxg7+
{[%clk 01:05:59]} {[%emt 00:02:41]} Kxg7 {[%clk 01:05:27]} {[%emt 00:00:20]} 30.
d5 {[%clk 00:59:58]} {[%emt 00:06:31]} exd5 {[%clk 01:04:00]} {[%emt 00:01:54]}
31. Qe7+ {[%clk 01:00:07]} {[%emt 00:00:24]} Kh8 {[%clk 01:00:47]} {[%emt
00:03:42]} 32. Bxf6+ {[%clk 00:57:45]} {[%emt 00:02:54]} Nxf6 {[%clk 01:00:57]}
{[%emt 00:00:19]} 33. Nd4 {[%clk 00:57:57]} {[%emt 00:00:19]}  1-0

[Event "56th Hull Congress"]
[Site "Hull"]
[Date "2019.11.03"]
[Round "4"]
[Board "1"]
[White "Gormally, Daniel W"]
[Black "Hebden, Mark L"]
[Result "1-0"]
[WhiteElo "2491"]
[BlackElo "2427"]
[PlyCount "0"]
[EventDate "2019.11.01"]
[EventRounds "5"]
[EventCountry "ENG"]

1. e4 {[%clk 01:30:55]} {[%emt 00:00:05]} e5 {[%clk 01:30:39]} {[%emt
00:00:21]} 2. Nf3 {[%clk 01:31:19]} {[%emt 00:00:06]} Nc6 {[%clk 01:31:02]}
{[%emt 00:00:07]} 3. Bb5 {[%clk 01:31:45]} {[%emt 00:00:04]} a6 {[%clk
01:31:11]} {[%emt 00:00:21]} 4. Ba4 {[%clk 01:32:10]} {[%emt 00:00:05]} Nf6
{[%clk 01:31:19]} {[%emt 00:00:22]} 5. O-O {[%clk 01:28:00]} {[%emt 00:04:40]}
Be7 {[%clk 01:31:08]} {[%emt 00:00:40]} 6. Re1 {[%clk 01:28:23]} {[%emt
00:00:08]} b5 {[%clk 01:31:20]} {[%emt 00:00:19]} 7. Bb3 {[%clk 01:28:47]}
{[%emt 00:00:05]} O-O {[%clk 01:31:21]} {[%emt 00:00:28]} 8. c3 {[%clk
01:29:14]} {[%emt 00:00:05]} d5 {[%clk 01:30:55]} {[%emt 00:00:56]} 9. exd5
{[%clk 01:29:12]} {[%emt 00:00:31]} Nxd5 {[%clk 01:31:08]} {[%emt 00:00:17]} 10.
Nxe5 {[%clk 01:29:35]} {[%emt 00:00:08]} Nxe5 {[%clk 01:31:29]} {[%emt
00:00:09]} 11. Rxe5 {[%clk 01:29:54]} {[%emt 00:00:11]} c6 {[%clk 01:31:06]}
{[%emt 00:00:53]} 12. d3 {[%clk 01:29:45]} {[%emt 00:00:38]} Bd6 {[%clk
01:29:52]} {[%emt 00:01:44]} 13. Re1 {[%clk 01:30:09]} {[%emt 00:00:07]} Qh4
{[%clk 01:29:31]} {[%emt 00:00:50]} 14. g3 {[%clk 01:30:17]} {[%emt 00:00:22]}
Qh3 {[%clk 01:29:49]} {[%emt 00:00:12]} 15. Re4 {[%clk 01:30:41]} {[%emt
00:00:06]} Nf6 {[%clk 01:30:04]} {[%emt 00:00:16]} 16. Rh4 {[%clk 01:30:03]}
{[%emt 00:01:08]} Qf5 {[%clk 01:30:25]} {[%emt 00:00:08]} 17. Nd2 {[%clk
01:30:12]} {[%emt 00:00:21]} Ng4 {[%clk 01:30:33]} {[%emt 00:00:23]} 18. f3
{[%clk 01:20:25]} {[%emt 00:10:16]} Ne5 {[%clk 01:27:31]} {[%emt 00:03:32]} 19.
d4 {[%clk 01:17:28]} {[%emt 00:03:27]} Ng6 {[%clk 01:24:24]} {[%emt 00:03:37]}
20. Bc2 {[%clk 01:13:32]} {[%emt 00:04:26]} Qd7 {[%clk 01:23:44]} {[%emt
00:01:10]} 21. Rh5 {[%clk 01:10:55]} {[%emt 00:03:07]} f5 {[%clk 01:15:37]}
{[%emt 00:08:37]} 22. Bb3+ {[%clk 01:01:47]} {[%emt 00:09:37]} Kh8 {[%clk
01:15:49]} {[%emt 00:00:19]} 23. f4 {[%clk 00:53:16]} {[%emt 00:09:00]} h6
{[%clk 01:13:12]} {[%emt 00:03:08]} 24. Nf3 {[%clk 00:52:01]} {[%emt 00:01:45]}
Bb7 {[%clk 01:08:17]} {[%emt 00:05:26]} 25. Ne5 {[%clk 00:46:18]} {[%emt
00:06:13]} Qe8 {[%clk 01:02:39]} {[%emt 00:06:07]} 26. g4 {[%clk 00:42:39]}
{[%emt 00:04:09]} c5 {[%clk 01:01:27]} {[%emt 00:01:43]} 27. gxf5 {[%clk
00:37:56]} {[%emt 00:05:12]} Bxe5 {[%clk 00:37:45]} {[%emt 00:24:12]} 28. fxe5
{[%clk 00:36:52]} {[%emt 00:01:34]} Nxe5 {[%clk 00:37:50]} {[%emt 00:00:25]} 29.
dxe5 {[%clk 00:34:00]} {[%emt 00:03:22]} Rxf5 {[%clk 00:37:45]} {[%emt
00:00:35]} 30. Rxf5 {[%clk 00:30:35]} {[%emt 00:03:56]} Qg6+ {[%clk 00:38:05]}
{[%emt 00:00:09]} 31. Rg5 {[%clk 00:27:06]} {[%emt 00:03:59]} Qe4 {[%clk
00:38:00]} {[%emt 00:00:34]} 32. Bf4 {[%clk 00:22:40]} {[%emt 00:04:56]} Qxf4
{[%clk 00:35:37]} {[%emt 00:02:54]} 33. Rg3 {[%clk 00:22:08]} {[%emt 00:01:02]}
Qe4 {[%clk 00:26:39]} {[%emt 00:09:28]} 34. Qg4 {[%clk 00:20:19]} {[%emt
00:01:14]}  1-0

[Event "56th Hull Congress"]
[Site "Hull"]
[Date "2019.11.03"]
[Round "4"]
[Board "2"]
[White "Sowray, Peter J"]
[Black "Milson, Samuel A"]
[Result "0-1"]
[WhiteElo "2361"]
[BlackElo "2080"]
[PlyCount "0"]
[EventDate "2019.11.01"]
[EventRounds "5"]
[EventCountry "ENG"]

1. d4 {[%clk 01:30:57]} {[%emt 00:00:02]} d5 {[%clk 01:30:45]} {[%emt
00:00:15]} 2. c4 {[%clk 01:31:21]} {[%emt 00:00:06]} c6 {[%clk 01:31:01]}
{[%emt 00:00:14]} 3. Nf3 {[%clk 01:31:45]} {[%emt 00:00:05]} Nf6 {[%clk
01:31:14]} {[%emt 00:00:18]} 4. Nc3 {[%clk 01:32:09]} {[%emt 00:00:06]} a6
{[%clk 01:31:00]} {[%emt 00:00:45]} 5. c5 {[%clk 01:32:33]} {[%emt 00:00:05]}
g6 {[%clk 01:30:52]} {[%emt 00:00:38]} 6. Bf4 {[%clk 01:32:33]} {[%emt
00:00:30]} Bg7 {[%clk 01:30:19]} {[%emt 00:01:04]} 7. h3 {[%clk 01:32:41]}
{[%emt 00:00:21]} O-O {[%clk 01:27:56]} {[%emt 00:02:53]} 8. e3 {[%clk
01:33:04]} {[%emt 00:00:07]} Nbd7 {[%clk 01:26:08]} {[%emt 00:02:19]} 9. Be2
{[%clk 01:30:55]} {[%emt 00:02:39]} Ne4 {[%clk 01:23:15]} {[%emt 00:03:23]} 10.
Nxe4 {[%clk 01:22:34]} {[%emt 00:08:51]} dxe4 {[%clk 01:23:27]} {[%emt
00:00:17]} 11. Nd2 {[%clk 01:22:58]} {[%emt 00:00:05]} e5 {[%clk 01:21:55]}
{[%emt 00:02:03]} 12. dxe5 {[%clk 01:23:18]} {[%emt 00:00:10]} Nxc5 {[%clk
01:19:02]} {[%emt 00:03:23]} 13. O-O {[%clk 01:22:14]} {[%emt 00:01:34]} Qe7
{[%clk 01:17:25]} {[%emt 00:02:07]} 14. Nc4 {[%clk 01:17:41]} {[%emt 00:05:03]}
Rd8 {[%clk 01:12:55]} {[%emt 00:05:00]} 15. Qc2 {[%clk 01:17:55]} {[%emt
00:00:16]} b5 {[%clk 01:09:42]} {[%emt 00:03:42]} 16. Na5 {[%clk 01:05:54]}
{[%emt 00:12:32]} Bd7 {[%clk 00:57:02]} {[%emt 00:13:11]} 17. Rac1 {[%clk
01:04:11]} {[%emt 00:02:12]} Bf8 {[%clk 00:49:24]} {[%emt 00:08:08]} 18. Rfd1
{[%clk 01:03:17]} {[%emt 00:01:24]} Be8 {[%clk 00:49:31]} {[%emt 00:00:23]} 19.
Rd6 {[%clk 00:52:15]} {[%emt 00:11:32]} Qc7 {[%clk 00:40:00]} {[%emt 00:10:02]}
20. Nxc6 {[%clk 00:45:34]} {[%emt 00:07:10]} Bxd6 {[%clk 00:37:54]} {[%emt
00:02:35]} 21. Nxd8 {[%clk 00:45:39]} {[%emt 00:00:25]} Bf8 {[%clk 00:37:38]}
{[%emt 00:00:47]} 22. b4 {[%clk 00:44:26]} {[%emt 00:01:44]} Rxd8 {[%clk
00:36:37]} {[%emt 00:01:31]} 23. bxc5 {[%clk 00:43:29]} {[%emt 00:01:27]} Qc6
{[%clk 00:35:33]} {[%emt 00:01:34]} 24. f3 {[%clk 00:34:32]} {[%emt 00:09:27]}
Rc8 {[%clk 00:34:41]} {[%emt 00:01:22]} 25. fxe4 {[%clk 00:31:40]} {[%emt
00:03:22]} Qxc5 {[%clk 00:33:57]} {[%emt 00:01:14]} 26. Qxc5 {[%clk 00:31:49]}
{[%emt 00:00:21]} Rxc5 {[%clk 00:34:09]} {[%emt 00:00:18]} 27. Rd1 {[%clk
00:31:42]} {[%emt 00:00:37]} Be7 {[%clk 00:33:12]} {[%emt 00:01:27]} 28. Bg4
{[%clk 00:24:42]} {[%emt 00:07:29]} Bc6 {[%clk 00:27:46]} {[%emt 00:05:56]} 29.
e6 {[%clk 00:20:28]} {[%emt 00:04:45]} h5 {[%clk 00:24:16]} {[%emt 00:03:59]}
30. exf7+ {[%clk 00:20:27]} {[%emt 00:00:31]} Kxf7 {[%clk 00:24:34]} {[%emt
00:00:13]} 31. Bd7 {[%clk 00:18:19]} {[%emt 00:02:38]} Bxe4 {[%clk 00:23:42]}
{[%emt 00:01:22]} 32. Rd2 {[%clk 00:17:06]} {[%emt 00:01:42]} Rd5 {[%clk
00:21:03]} {[%emt 00:03:10]} 33. Rd4 {[%clk 00:15:22]} {[%emt 00:02:14]} Rxd4
{[%clk 00:18:55]} {[%emt 00:02:38]} 34. exd4 {[%clk 00:15:50]} {[%emt
00:00:02]} Bd5 {[%clk 00:19:10]} {[%emt 00:00:15]} 35. Bc7 {[%clk 00:15:18]}
{[%emt 00:01:01]} Bf6 {[%clk 00:17:28]} {[%emt 00:02:13]} 36. Bb6 {[%clk
00:13:38]} {[%emt 00:02:10]} Bxa2 {[%clk 00:17:39]} {[%emt 00:00:18]} 37. Bc8
{[%clk 00:13:54]} {[%emt 00:00:14]} a5 {[%clk 00:17:35]} {[%emt 00:00:35]} 38.
Ba6 {[%clk 00:13:58]} {[%emt 00:00:25]} b4 {[%clk 00:17:08]} {[%emt 00:00:58]}
39. Bxa5 {[%clk 00:13:41]} {[%emt 00:00:46]} Bxd4+ {[%clk 00:17:27]} {[%emt
00:00:12]} 40. Kf1 {[%clk 00:14:03]} {[%emt 00:00:07]} Bc5 {[%clk 00:17:27]}
{[%emt 00:00:30]} 41. Ke2 {[%clk 00:13:22]} {[%emt 00:01:11]} Bd5 {[%clk
00:17:14]} {[%emt 00:00:43]} 42. g3 {[%clk 00:12:21]} {[%emt 00:01:31]} b3
{[%clk 00:11:34]} {[%emt 00:06:10]} 43. h4 {[%clk 00:12:04]} {[%emt 00:00:47]}
b2 {[%clk 00:11:29]} {[%emt 00:00:36]} 44. Bd3 {[%clk 00:12:02]} {[%emt
00:00:32]} Ba2 {[%clk 00:11:53]} {[%emt 00:00:05]} 45. Kf3 {[%clk 00:12:00]}
{[%emt 00:00:32]} b1=Q {[%clk 00:11:32]} {[%emt 00:00:53]} 46. Bxb1 {[%clk
00:12:26]} {[%emt 00:00:03]} Bxb1 {[%clk 00:11:54]} {[%emt 00:00:08]} 47. g4
{[%clk 00:12:31]} {[%emt 00:00:24]} Ke6 {[%clk 00:10:34]} {[%emt 00:01:51]} 48.
gxh5 {[%clk 00:10:27]} {[%emt 00:02:33]} gxh5 {[%clk 00:10:58]} {[%emt
00:00:07]} 49. Kf4 {[%clk 00:10:52]} {[%emt 00:00:05]} Be7 {[%clk 00:10:25]}
{[%emt 00:01:03]} 50. Be1 {[%clk 00:11:08]} {[%emt 00:00:13]} Bf5 {[%clk
00:10:25]} {[%emt 00:00:30]} 51. Bf2 {[%clk 00:11:15]} {[%emt 00:00:23]} Bg4
{[%clk 00:10:17]} {[%emt 00:00:38]} 52. Be1 {[%clk 00:11:38]} {[%emt 00:00:08]}
Bd6+ {[%clk 00:10:26]} {[%emt 00:00:20]} 53. Kg5 {[%clk 00:11:50]} {[%emt
00:00:18]} Kd5 {[%clk 00:10:46]} {[%emt 00:00:11]} 54. Kf6 {[%clk 00:08:10]}
{[%emt 00:04:09]} Ke4 {[%clk 00:10:38]} {[%emt 00:00:38]}  0-1

[Event "56th Hull Congress"]
[Site "Hull"]
[Date "2019.11.03"]
[Round "4"]
[Board "3"]
[White "Okhai, Shabir"]
[Black "Willow, Jonah B"]
[Result "0-1"]
[WhiteElo "2159"]
[BlackElo "2352"]
[PlyCount "0"]
[EventDate "2019.11.01"]
[EventRounds "5"]
[EventCountry "ENG"]

1. e4 {[%clk 01:30:59]} c5 {[%clk 01:30:08]} {[%emt 00:00:52]} 2. Nf3 {[%clk
01:31:23]} {[%emt 00:00:05]} Nc6 {[%clk 01:30:34]} {[%emt 00:00:04]} 3. Bb5
{[%clk 01:30:34]} {[%emt 00:01:19]} g6 {[%clk 01:30:51]} {[%emt 00:00:13]} 4.
Bxc6 {[%clk 01:30:58]} {[%emt 00:00:06]} dxc6 {[%clk 01:31:17]} {[%emt
00:00:03]} 5. d3 {[%clk 01:31:21]} {[%emt 00:00:07]} Bg7 {[%clk 01:31:42]}
{[%emt 00:00:06]} 6. h3 {[%clk 01:31:47]} {[%emt 00:00:05]} e5 {[%clk
01:32:07]} {[%emt 00:00:04]} 7. a3 {[%clk 01:31:46]} {[%emt 00:00:32]} f5
{[%clk 01:28:25]} {[%emt 00:04:11]} 8. Nbd2 {[%clk 01:27:48]} {[%emt 00:04:27]}
Qe7 {[%clk 01:25:12]} {[%emt 00:03:43]} 9. b4 {[%clk 01:24:44]} {[%emt
00:03:35]} cxb4 {[%clk 01:22:03]} {[%emt 00:03:38]} 10. axb4 {[%clk 01:25:07]}
{[%emt 00:00:07]} Nh6 {[%clk 01:21:54]} {[%emt 00:00:40]} 11. O-O {[%clk
01:23:25]} {[%emt 00:02:13]} O-O {[%clk 01:20:57]} {[%emt 00:01:26]} 12. Nc4
{[%clk 01:15:40]} {[%emt 00:08:15]} f4 {[%clk 01:15:04]} {[%emt 00:06:23]} 13.
Bb2 {[%clk 01:09:53]} {[%emt 00:06:17]} Nf7 {[%clk 01:14:28]} {[%emt 00:01:06]}
14. Nb6 {[%clk 01:00:24]} {[%emt 00:09:59]} Bxh3 {[%clk 01:02:08]} {[%emt
00:12:50]} 15. Nxa8 {[%clk 00:59:31]} {[%emt 00:01:23]} Bg4 {[%clk 01:02:17]}
{[%emt 00:00:21]} 16. Rxa7 {[%clk 00:50:10]} {[%emt 00:09:50]} Ng5 {[%clk
01:02:40]} {[%emt 00:00:08]} 17. Nxg5 {[%clk 00:38:51]} {[%emt 00:11:49]} Bxd1
{[%clk 01:01:45]} {[%emt 00:01:25]} 18. Rxd1 {[%clk 00:38:32]} {[%emt
00:00:48]} Qxg5 {[%clk 01:02:10]} {[%emt 00:00:05]} 19. f3 {[%clk 00:37:39]}
{[%emt 00:01:23]} Qe7 {[%clk 00:50:16]} {[%emt 00:12:23]} 20. Bc3 {[%clk
00:34:24]} {[%emt 00:03:46]} g5 {[%clk 00:48:04]} {[%emt 00:02:42]} 21. Kf2
{[%clk 00:25:50]} {[%emt 00:09:05]} g4 {[%clk 00:46:49]} {[%emt 00:01:45]} 22.
Rh1 {[%clk 00:21:33]} {[%emt 00:04:46]} Qg5 {[%clk 00:45:52]} {[%emt 00:01:26]}
23. Rg1 {[%clk 00:16:51]} {[%emt 00:05:13]} Qh4+ {[%clk 00:46:01]} {[%emt
00:00:21]} 24. Kf1 {[%clk 00:16:59]} {[%emt 00:00:22]} Kh8 {[%clk 00:35:57]}
{[%emt 00:10:34]} 25. Be1 {[%clk 00:15:37]} {[%emt 00:01:53]} Qd8 {[%clk
00:15:22]} {[%emt 00:21:05]} 26. Bf2 {[%clk 00:15:11]} {[%emt 00:00:56]} Rg8
{[%clk 00:15:30]} {[%emt 00:00:21]} 27. Nb6 {[%clk 00:13:33]} {[%emt 00:02:08]}
g3 {[%clk 00:12:02]} {[%emt 00:03:58]} 28. Bc5 {[%clk 00:13:58]} {[%emt
00:00:06]} Bf8 {[%clk 00:12:26]} {[%emt 00:00:06]} 29. Ra8 {[%clk 00:13:51]}
{[%emt 00:00:37]} Qxa8 {[%clk 00:10:16]} {[%emt 00:02:40]} 30. Nxa8 {[%clk
00:14:06]} {[%emt 00:00:14]} Bxc5 {[%clk 00:10:44]} {[%emt 00:00:02]} 31. bxc5
{[%clk 00:14:16]} {[%emt 00:00:20]} Rxa8 {[%clk 00:11:12]} {[%emt 00:00:02]} 32.
Ke2 {[%clk 00:13:42]} {[%emt 00:01:04]} Ra5 {[%clk 00:11:09]} {[%emt 00:00:34]}
33. Kd2 {[%clk 00:11:58]} {[%emt 00:02:14]} Rxc5 {[%clk 00:11:07]} {[%emt
00:00:31]} 34. Ra1 {[%clk 00:09:34]} {[%emt 00:02:54]} Rb5 {[%clk 00:11:30]}
{[%emt 00:00:07]} 35. Ra2 {[%clk 00:09:10]} {[%emt 00:00:54]} Rb1 {[%clk
00:11:39]} {[%emt 00:00:21]} 36. c4 {[%clk 00:09:07]} {[%emt 00:00:33]} Rf1
{[%clk 00:11:24]} {[%emt 00:00:44]} 37. Ra5 {[%clk 00:08:49]} {[%emt 00:00:48]}
Rf2+ {[%clk 00:11:25]} {[%emt 00:00:30]} 38. Ke1 {[%clk 00:09:18]} {[%emt
00:00:01]} Rxg2 {[%clk 00:11:32]} {[%emt 00:00:23]} 39. Rxe5 {[%clk 00:09:46]}
{[%emt 00:00:02]} Rf2 {[%clk 00:11:54]} {[%emt 00:00:08]} 40. Rg5 {[%clk
00:07:59]} {[%emt 00:02:17]} Rxf3 {[%clk 00:12:02]} {[%emt 00:00:22]} 41. Ke2
{[%clk 00:07:51]} {[%emt 00:00:39]} Rf2+ {[%clk 00:12:20]} {[%emt 00:00:12]} 42.
Ke1 {[%clk 00:08:12]} {[%emt 00:00:07]} h6 {[%clk 00:11:59]} {[%emt 00:00:52]}
43. Rg4 {[%clk 00:08:06]} {[%emt 00:00:37]} Kh7 {[%clk 00:11:36]} {[%emt
00:00:53]} 44. e5 {[%clk 00:08:01]} {[%emt 00:00:34]} h5 {[%clk 00:11:11]}
{[%emt 00:00:56]} 45. Rh4 {[%clk 00:01:05]} {[%emt 00:07:25]} Kg6 {[%clk
00:11:10]} {[%emt 00:00:31]} 46. e6 {[%clk 00:01:31]} {[%emt 00:00:04]} Rf3
{[%clk 00:10:58]} {[%emt 00:00:43]} 47. Ke2 {[%clk 00:01:56]} {[%emt 00:00:05]}
Re3+ {[%clk 00:11:19]} {[%emt 00:00:08]} 48. Kf1 {[%clk 00:02:20]} {[%emt
00:00:05]} Kg5 {[%clk 00:11:46]} {[%emt 00:00:04]}  0-1